Statistics for Countries With The Most

Click here to take the quiz!

General Stats

  • This quiz has been taken 73 times
    (51 since last reset)
  • The average score is 13 of 20

Answer Stats

The Most...Country% Correct
Miss Universe Winners8United States
85%
People7.7 billionChina
83%
Billionaires705United States
80%
Land17.1 million square kilometresRussia
78%
Immigrants46,627,102United States
78%
Muslims229,000,000Indonesia
73%
Dogs75.8 millionUnited States
71%
Catholics112,000,000 - 134,000,000Brazil
66%
Densely Populated16,923 per square kilometerMonaco
63%
Obese Citizens by % of Population61%Nauru
63%
Atheists200 million convinced atheistsChina
61%
Extreme Poor73 MillionIndia
61%
Time Zones12France
59%
Prisoners per Capita655/100,000United States
59%
People Living Abroad16.6 MillionIndia
56%
Oil303.2 billion barrels (17.9% of world total)Venezuela
56%
# of Languages Spoken820Papua New Guinea
51%
Lakes187,888 official lakesFinland
46%
Farm Land179.8 million hectaresIndia
44%
Blue Eyed People by % of Pop.89%Estonia
37%

Score Distribution

Percentile by Number Answered

Percent of People with Each Score

Your Score History

You have not taken this quiz since the last reset